[Event "Titled Tuesday intern op 08th Aug Early"]
[Site "Chess.com INT"]
[Date "2023.08.08"]
[Round "11"]
[White "Sharavdorj, Dashzeveg"]
[Black "Masruri, Rahman"]
[Result "1-0"]
[WhiteElo "2367"]
[BlackElo "2299"]
[PlyCount "51"]
[EventDate "2023.08.08"]
[EventType "swiss (blitz)"]
[EventRounds "11"]
[EventCountry "USA"]
[SourceTitle "EXT 2024"]
[Source "ChessBase"]
[SourceDate "2023.10.10"]
[SourceVersion "1"]
[SourceVersionDate "2023.10.10"]
[SourceQuality "1"]

1. d4 e6 2. c4 Nf6 3. Nf3 b6 4. a3 Bb7 5. Nc3 d5 6. cxd5 Nxd5 7. Qc2 Nd7 8. e4 Nxc3 9. bxc3 Be7 10. Bd3 0-0 11. 0-0 c5 12. Bf4 Rc8 13. Qe2 cxd4 14. cxd4 Re8 15. a4 Bb4 16. h3 h6 17. Rfb1 Bc3 18. Ra2 Nf6 19. Qe3 Ba5 20. Rd1 Rc3 21. Qe2 Rxd3 22. Rxd3 Nxe4 23. Rc2 Qd5 24. Re3 Rd8 25. Rc7 Nf6 26. Re5 1-0

[Event "Titled Tuesday intern op 08th Aug Early"]
[Site "Chess.com INT"]
[Date "2023.08.08"]
[Round "3"]
[White "Sharavdorj, Dashzeveg"]
[Black "Novikov, Evgenij"]
[Result "1-0"]
[WhiteElo "2367"]
[BlackElo "2276"]
[PlyCount "91"]
[EventDate "2023.08.08"]
[EventType "swiss (blitz)"]
[EventRounds "11"]
[EventCountry "USA"]
[SourceTitle "EXT 2024"]
[Source "ChessBase"]
[SourceDate "2023.10.10"]
[SourceVersion "1"]
[SourceVersionDate "2023.10.10"]
[SourceQuality "1"]

1. d4 Nf6 2. c4 g6 3. Nc3 Bg7 4. e4 d6 5. Nf3 0-0 6. Be2 e5 7. d5 a5 8. Bg5 Nbd7 9. Nd2 h6 10. Be3 Nc5 11. 0-0 Bd7 12. b3 c6 13. a3 cxd5 14. cxd5 Qe7 15. b4 Na6 16. Rb1 Rfc8 17. Qb3 axb4 18. axb4 Qe8 19. Nc4 Rxc4 20. Bxc4 Ng4 21. Bb6 f5 22. f3 Nf6 23. b5 Nc5 24. Bxc5 dxc5 25. d6+ Kh7 26. Bf7 Qf8 27. Be6 Qxd6 28. Bxd7 Qxd7 29. Rfd1 Qc7 30. Nd5 Nxd5 31. Qxd5 fxe4 32. Qxe4 c4 33. h4 h5 34. Rbc1 Rc8 35. Rd5 c3 36. Qd3 Qb6+ 37. Kh2 Bh6 38. Rd7+ Kh8 39. Qe2 Bf4+ 40. g3 Qf6 41. Kg2 Bxc1 42. Rxb7 Bh6 43. Qd3 c2 44. Qd7 Bg7 45. Qxc8+ Kh7 46. Qxc2 1-0

[Event "Titled Tuesday intern op 08th Aug Early"]
[Site "Chess.com INT"]
[Date "2023.08.08"]
[Round "2"]
[White "Tabatabaei, Mohammad Amin"]
[Black "Sharavdorj, Dashzeveg"]
[Result "1-0"]
[WhiteElo "2696"]
[BlackElo "2367"]
[PlyCount "53"]
[EventDate "2023.08.08"]
[EventType "swiss (blitz)"]
[EventRounds "11"]
[EventCountry "USA"]
[SourceTitle "EXT 2024"]
[Source "ChessBase"]
[SourceDate "2023.10.10"]
[SourceVersion "1"]
[SourceVersionDate "2023.10.10"]
[SourceQuality "1"]

1. b3 d5 2. Bb2 c6 3. Nf3 Bg4 4. e3 Nd7 5. h3 Bh5 6. d3 e6 7. Nbd2 Ngf6 8. g4 Bg6 9. Nh4 Bb4 10. a3 Ba5 11. Nxg6 hxg6 12. Bg2 Qe7 13. b4 Bc7 14. c4 0-0 15. g5 Nh7 16. h4 e5 17. cxd5 cxd5 18. Bxd5 Nb6 19. Bxb7 Rad8 20. Be4 Nd5 21. Qf3 Nb6 22. Rc1 Na4 23. Ba1 Bb6 24. Ke2 a5 25. Rcg1 axb4 26. axb4 Qxb4 27. h5 1-0

[Event "Belgrade Summer GM 4th"]
[Site "Belgrade"]
[Date "2022.07.25"]
[Round "2"]
[White "Sharavdorj, Dashzeveg"]
[Black "Lu, Miaoyi"]
[Result "0-1"]
[WhiteElo "2382"]
[BlackElo "2322"]
[PlyCount "74"]
[EventDate "2022.07.24"]
[EventType "schev"]
[EventRounds "9"]
[EventCountry "SRB"]
[SourceTitle "CBM 209 Extra"]
[Source "ChessBase"]
[SourceDate "2022.09.30"]
[SourceVersion "1"]
[SourceVersionDate "2022.09.30"]
[SourceQuality "1"]
[WhiteTeam "Team D"]
[BlackTeam "Team C"]
[WhiteTeamCountry "SRB"]
[BlackTeamCountry "SRB"]

1. Nf3 d5 2. d4 Nf6 3. c4 e6 4. Nc3 dxc4 5. e4 b5 6. Bg5 a6 7. e5 h6 8. Bh4 g5 9. Nxg5 hxg5 10. Bxg5 Nbd7 11. Qf3 Rb8 12. exf6 Bb7 13. d5 Nb6 14. 0-0-0 Nxd5 15. Bxc4 bxc4 16. Rhe1 Kd7 17. Qg4 Kc8 18. Re5 c6 19. Re4 Ba8 20. Rxc4 Qb6 21. Na4 Qb5 22. h4 a5 23. Qd4 Bb4 24. b3 Ba3+ 25. Kb1 Rd8 26. Rd2 Bb4 27. Rdc2 Nb6 28. Nxb6+ Rxb6 29. Qg4 a4 30. Rb2 Ba3 31. Rxa4 Qf1+ 32. Bc1 Bxb2 33. Kxb2 Qxf2+ 34. Kb1 Bb7 35. Qg7 Qf5+ 36. Kb2 Qe5+ 37. Kb1 Ba6 0-1

[Event "Titled Tuesday intern op 08th Feb Early"]
[Site "Chess.com INT"]
[Date "2022.02.08"]
[Round "11"]
[White "Gabdrakhmanov, Azat"]
[Black "Sharavdorj, Dashzeveg"]
[Result "1-0"]
[WhiteElo "2319"]
[BlackElo "2382"]
[PlyCount "75"]
[EventDate "2022.02.08"]
[EventType "swiss (blitz)"]
[EventRounds "11"]
[EventCountry "USA"]
[SourceTitle "CBM 206 Extra"]
[Source "ChessBase"]
[SourceDate "2022.03.31"]
[SourceVersion "1"]
[SourceVersionDate "2022.03.31"]
[SourceQuality "1"]

1. e4 e6 2. d4 d5 3. e5 c5 4. c3 Nc6 5. Nf3 Bd7 6. a3 Nge7 7. b4 cxd4 8. cxd4 Ng6 9. Be3 Be7 10. Bd3 Rc8 11. Nbd2 0-0 12. h4 f6 13. h5 Nh8 14. Qb1 f5 15. g4 a5 16. b5 Na7 17. Bf4 Rc3 18. gxf5 exf5 19. b6 Nc6 20. Nf1 a4 21. Bd2 Rb3 22. Qc2 Qxb6 23. Bc3 Be6 24. Rg1 Nf7 25. N1d2 Nh6 26. Nxb3 axb3 27. Qd2 Ng4 28. Rb1 Bxa3 29. Ng5 Nb4 30. Nxe6 Nxd3+ 31. Qxd3 Qxe6 32. f3 Nh6 33. Rxb3 Be7 34. Rxb7 Bh4+ 35. Ke2 f4 36. Rgxg7+ Kh8 37. Rxh7+ Kg8 38. Rbg7# 1-0

[Event "Titled Tuesday intern op 08th Feb Early"]
[Site "Chess.com INT"]
[Date "2022.02.08"]
[Round "8"]
[White "Harsha, Bharathakoti"]
[Black "Sharavdorj, Dashzeveg"]
[Result "0-1"]
[WhiteElo "2499"]
[BlackElo "2382"]
[PlyCount "56"]
[EventDate "2022.02.08"]
[EventType "swiss (blitz)"]
[EventRounds "11"]
[EventCountry "USA"]
[SourceTitle "CBM 206 Extra"]
[Source "ChessBase"]
[SourceDate "2022.03.31"]
[SourceVersion "1"]
[SourceVersionDate "2022.03.31"]
[SourceQuality "1"]

1. c4 Nf6 2. Nc3 g6 3. e4 d6 4. d4 Bg7 5. Be2 0-0 6. Bg5 Na6 7. Qd2 e5 8. d5 Nc5 9. f3 a5 10. h4 Bd7 11. Nh3 c6 12. Nf2 cxd5 13. cxd5 Qe8 14. Be3 Nh5 15. Nd3 b6 16. Bf2 Rc8 17. Nxc5 bxc5 18. 0-0-0 Nf4 19. Bf1 c4 20. g3 Nd3+ 21. Bxd3 cxd3 22. Qxd3 Ba4 23. Rd2 Bb5 24. Qe3 a4 25. Kb1 a3 26. b3 f5 27. Rc1 f4 28. gxf4 exf4 0-1

[Event "Titled Tuesday intern op 08th Feb Early"]
[Site "Chess.com INT"]
[Date "2022.02.08"]
[Round "10"]
[White "Sharavdorj, Dashzeveg"]
[Black "Goltseva, Ekaterina"]
[Result "0-1"]
[WhiteElo "2382"]
[BlackElo "2327"]
[PlyCount "72"]
[EventDate "2022.02.08"]
[EventType "swiss (blitz)"]
[EventRounds "11"]
[EventCountry "USA"]
[SourceTitle "CBM 206 Extra"]
[Source "ChessBase"]
[SourceDate "2022.03.31"]
[SourceVersion "1"]
[SourceVersionDate "2022.03.31"]
[SourceQuality "1"]

1. d4 Nf6 2. c4 e6 3. Nf3 d5 4. Nc3 dxc4 5. e4 b5 6. e5 Nd5 7. Nxb5 Nb6 8. Be3 Nc6 9. Be2 Bb7 10. 0-0 Be7 11. Nc3 0-0 12. Rc1 Rb8 13. Na4 Na5 14. Nxb6 cxb6 15. Nd2 b5 16. Bf3 Bd5 17. Be4 f5 18. exf6 Bxf6 19. Qg4 Nc6 20. Rcd1 Rb7 21. Nf3 Bxe4 22. Qxe4 Qd5 23. Qg4 b4 24. h4 Rd7 25. h5 Qf5 26. Qg3 Kh8 27. h6 gxh6 28. Ne5 Nxe5 29. dxe5 Bxe5 30. Qh4 Rg7 31. Bxh6 Rxg2+ 32. Kxg2 Qf3+ 33. Kg1 Rg8+ 34. Bg5 Bf6 35. Kh2 Rxg5 36. Rd7 Qg2# 0-1

[Event "Novi Sad TS Mix 214th"]
[Site "Novi Sad"]
[Date "2021.08.05"]
[Round "7"]
[White "Atalik, Suat"]
[Black "Sharavdorj, Dashzeveg"]
[Result "1-0"]
[WhiteElo "2496"]
[BlackElo "2373"]
[PlyCount "51"]
[EventDate "2021.08.01"]
[EventType "swiss"]
[EventRounds "10"]
[EventCountry "SRB"]
[SourceTitle "CBM 203 Extra"]
[Source "ChessBase"]
[SourceDate "2021.09.30"]
[SourceVersion "1"]
[SourceVersionDate "2021.09.30"]
[SourceQuality "1"]

1. d4 Nf6 2. c4 e6 3. Nc3 Bb4 4. Qc2 0-0 5. a3 Bxc3+ 6. Qxc3 b5 7. cxb5 c6 8. f3 cxb5 9. e4 Nc6 10. Be3 a6 11. Nh3 Bb7 12. Bd3 Rc8 13. Qd2 Na5 14. Qf2 Nb3 15. Rd1 Qa5+ 16. Kf1 b4 17. e5 Nd5 18. Bxh7+ Kxh7 19. Qh4+ Kg8 20. Ng5 Nxe3+ 21. Kg1 Rfd8 22. Qh7+ Kf8 23. Qh5 Kg8 24. Qxf7+ Kh8 25. Qh5+ Kg8 26. Qh7+ 1-0

[Event "Novi Sad TS Mix 214th"]
[Site "Novi Sad"]
[Date "2021.08.02"]
[Round "3"]
[White "Sharavdorj, Dashzeveg"]
[Black "Fernandez, Daniel Howard"]
[Result "1/2-1/2"]
[WhiteElo "2373"]
[BlackElo "2460"]
[PlyCount "20"]
[EventDate "2021.08.01"]
[EventType "swiss"]
[EventRounds "10"]
[EventCountry "SRB"]
[SourceTitle "CBM 203 Extra"]
[Source "ChessBase"]
[SourceDate "2021.09.30"]
[SourceVersion "1"]
[SourceVersionDate "2021.09.30"]
[SourceQuality "1"]

1. d4 Nf6 2. c4 e6 3. Nf3 Bb4+ 4. Nbd2 0-0 5. a3 Be7 6. e3 b6 7. Bd3 Bb7 8. 0-0 c5 9. b3 cxd4 10. Nxd4 Nc6 1/2-1/2

[Event "Ulaanbaatar Chess Day"]
[Site "Ulaanbaatar"]
[Date "2020.09.28"]
[Round "9"]
[White "Sharavdorj, Dashzeveg"]
[Black "Gundavaa, Bayarsaihan"]
[Result "1/2-1/2"]
[WhiteElo "2370"]
[BlackElo "2493"]
[PlyCount "45"]
[EventDate "2020.09.22"]
[EventType "tourn"]
[EventRounds "9"]
[EventCountry "MGL"]
[SourceTitle "CBM 198 Extra"]
[Source "ChessBase"]
[SourceDate "2020.11.30"]
[SourceVersion "1"]
[SourceVersionDate "2020.11.30"]
[SourceQuality "1"]

1. d4 d5 2. c4 c6 3. Nc3 Nf6 4. Nf3 e6 5. Bg5 dxc4 6. e4 b5 7. e5 h6 8. Bh4 g5 9. Nxg5 hxg5 10. Bxg5 Be7 11. exf6 Bxf6 12. Bxf6 Qxf6 13. g3 Na6 14. Bg2 Bb7 15. Nxb5 0-0-0 16. Qa4 cxb5 17. Bxb7+ Kxb7 18. Qxb5+ Ka8 19. Qc6+ Kb8 20. Qb5+ Ka8 21. Qc6+ Kb8 22. Qb5+ Ka8 23. Qc6+ 1/2-1/2

[Event "Ulaanbaatar Chess Day"]
[Site "Ulaanbaatar"]
[Date "2020.09.27"]
[Round "8"]
[White "Batchuluun, Tsegmed"]
[Black "Sharavdorj, Dashzeveg"]
[Result "1/2-1/2"]
[WhiteElo "2534"]
[BlackElo "2370"]
[PlyCount "49"]
[EventDate "2020.09.22"]
[EventType "tourn"]
[EventRounds "9"]
[EventCountry "MGL"]
[SourceTitle "CBM 198 Extra"]
[Source "ChessBase"]
[SourceDate "2020.11.30"]
[SourceVersion "1"]
[SourceVersionDate "2020.11.30"]
[SourceQuality "1"]

1. d4 Nf6 2. c4 g6 3. Nf3 Bg7 4. g3 0-0 5. Bg2 d6 6. 0-0 c6 7. Nc3 Qa5 8. Qc2 Qh5 9. Re1 Bh3 10. b3 Nbd7 11. Bb2 e5 12. dxe5 dxe5 13. Rad1 Rfe8 14. e4 Nf8 15. Na4 Ng4 16. Nh4 Bxg2 17. Kxg2 Ne6 18. h3 Nf4+ 19. gxf4 Qxh4 20. hxg4 Qxg4+ 21. Kf1 Qh3+ 22. Ke2 Qg4+ 23. Kf1 Qh3+ 24. Ke2 Qg4+ 25. Kf1 1/2-1/2

[Event "Ulaanbaatar Chess Day"]
[Site "Ulaanbaatar"]
[Date "2020.09.25"]
[Round "4"]
[White "Sharavdorj, Dashzeveg"]
[Black "Khatanbaatar, Bazar"]
[Result "1/2-1/2"]
[WhiteElo "2370"]
[BlackElo "2318"]
[PlyCount "48"]
[EventDate "2020.09.22"]
[EventType "tourn"]
[EventRounds "9"]
[EventCountry "MGL"]
[SourceTitle "CBM 198 Extra"]
[Source "ChessBase"]
[SourceDate "2020.11.30"]
[SourceVersion "1"]
[SourceVersionDate "2020.11.30"]
[SourceQuality "1"]

1. d4 Nf6 2. c4 e6 3. Nf3 b6 4. g3 Ba6 5. Qc2 Bb7 6. Bg2 c5 7. d5 exd5 8. cxd5 Nxd5 9. 0-0 Be7 10. Rd1 Nc6 11. Qa4 Nc7 12. Nc3 0-0 13. Bf4 Ne6 14. e3 a6 15. Nd5 b5 16. Qc2 Nxf4 17. gxf4 d6 18. Rd2 Rc8 19. Rad1 Nb4 20. Nxb4 cxb4 21. Qb1 Qc7 22. Nd4 Bxg2 23. Kxg2 g6 24. Qe4 Bf6 1/2-1/2

[Event "Ulaanbaatar IM"]
[Site "Ulaanbaatar"]
[Date "2020.01.31"]
[Round "1"]
[White "Sharavdorj, Dashzeveg"]
[Black "Munkhgal, Gombosuren"]
[Result "0-1"]
[WhiteElo "2375"]
[BlackElo "2473"]
[PlyCount "80"]
[EventDate "2020.01.31"]
[EventType "tourn"]
[EventRounds "10"]
[EventCountry "MGL"]
[EventCategory "6"]
[SourceTitle "CBM 194 Extra"]
[Source "ChessBase"]
[SourceDate "2020.03.31"]
[SourceVersion "1"]
[SourceVersionDate "2020.03.31"]
[SourceQuality "1"]

1. d4 Nf6 2. c4 e6 3. Nc3 Bb4 4. e3 c5 5. Bd3 Nc6 6. a3 Bxc3+ 7. bxc3 e5 8. Ne2 e4 9. Bb1 b6 10. 0-0 Ba6 11. f3 exf3 12. Rxf3 Bxc4 13. Ng3 0-0 14. e4 cxd4 15. cxd4 d5 16. e5 Ne4 17. Be3 f6 18. Nxe4 dxe4 19. Bxe4 Bd5 20. Bxd5+ Qxd5 21. exf6 Rxf6 22. Rxf6 gxf6 23. Qg4+ Kf7 24. Qf3 Qxf3 25. gxf3 Ke6 26. Kf2 Rg8 27. Rc1 Kd5 28. Rd1 f5 29. Rd2 Na5 30. Bf4 Re8 31. Be5 Nc4 32. Rd3 b5 33. Rb3 a6 34. f4 Nd2 35. Rh3 Ne4+ 36. Ke3 Rc8 37. Rxh7 Rc3+ 38. Ke2 Rxa3 39. h4 Rh3 40. h5 Rxh5 0-1

[Event "Novi Sad TS IM 97th"]
[Site "Novi Sad"]
[Date "2019.01.17"]
[Round "7"]
[White "Sharavdorj, Dashzeveg"]
[Black "Agibileg, Uurtsaikh"]
[Result "0-1"]
[WhiteElo "2404"]
[BlackElo "2324"]
[PlyCount "42"]
[EventDate "2019.01.14"]
[EventType "tourn"]
[EventRounds "9"]
[EventCountry "SRB"]
[SourceTitle "CBM 188 Extra"]
[Source "ChessBase"]
[SourceDate "2019.02.26"]
[SourceVersion "1"]
[SourceVersionDate "2019.02.26"]
[SourceQuality "1"]

1. d4 Nf6 2. c4 g6 3. Nc3 Bg7 4. e4 d6 5. h3 0-0 6. Nf3 e5 7. d5 a5 8. Be3 Na6 9. g4 Nc5 10. Nd2 c6 11. Be2 Bd7 12. h4 cxd5 13. cxd5 Rc8 14. g5 Nh5 15. Bxc5 Rxc5 16. Bxh5 gxh5 17. Qxh5 b5 18. Qd1 f6 19. Nf3 b4 20. Na4 Rc4 21. Qd3 Bb5 0-1

[Event "Novi Sad TS IM 97th"]
[Site "Novi Sad"]
[Date "2019.01.15"]
[Round "3"]
[White "Thilakarathne, GM Harshana"]
[Black "Sharavdorj, Dashzeveg"]
[Result "1/2-1/2"]
[WhiteElo "2435"]
[BlackElo "2404"]
[PlyCount "31"]
[EventDate "2019.01.14"]
[EventType "tourn"]
[EventRounds "9"]
[EventCountry "SRB"]
[SourceTitle "CBM 188 Extra"]
[Source "ChessBase"]
[SourceDate "2019.02.26"]
[SourceVersion "1"]
[SourceVersionDate "2019.02.26"]
[SourceQuality "1"]

1. e4 e6 2. d4 d5 3. Nd2 c5 4. exd5 exd5 5. Ngf3 a6 6. Be2 Nf6 7. 0-0 Bd6 8. dxc5 Bxc5 9. Nb3 Bb6 10. Nfd4 0-0 11. c3 Nc6 12. Bf4 Re8 13. Bd3 Bg4 14. f3 Bh5 15. Qd2 Bg6 16. Rae1 1/2-1/2

[Event "Vojvodina op 9th"]
[Site "Novi Sad"]
[Date "2018.07.26"]
[Round "8"]
[White "Pratyusha, Bodda"]
[Black "Sharavdorj, Dashzeveg"]
[Result "1-0"]
[WhiteElo "2244"]
[BlackElo "2403"]
[PlyCount "60"]
[EventDate "2018.07.22"]
[EventType "swiss"]
[EventRounds "9"]
[EventCountry "YUG"]
[SourceTitle "CBM 185 Extra"]
[Source "ChessBase"]
[SourceDate "2018.07.29"]
[SourceVersion "1"]
[SourceVersionDate "2018.07.29"]
[SourceQuality "1"]

1. e4 c5 2. Nf3 e6 3. d4 cxd4 4. Nxd4 Nc6 5. Nc3 a6 6. Be3 Nf6 7. a3 Qc7 8. Nb3 Be7 9. Be2 0-0 10. f4 d6 11. 0-0 b5 12. Bf3 Bb7 13. g4 Rfc8 14. g5 Nd7 15. Bg2 Bf8 16. Rf3 g6 17. Rh3 b4 18. axb4 Nxb4 19. Nd4 e5 20. Nde2 d5 21. exd5 Bc5 22. Bxc5 Qxc5+ 23. Kh1 exf4 24. Nxf4 Qf2 25. Nfe2 Qf5 26. Qd4 Nxc2 27. Qh4 h5 28. Rf1 Qe5 29. Qa4 Ne3 30. Rxe3 Qxe3 1-0

[Event "MGL-ch blitz"]
[Site "Ulaanbaatar"]
[Date "2015.09.18"]
[Round "6"]
[White "Enkhnar, Enkhbaatar"]
[Black "Sharavdorj, Dashzeveg"]
[Result "0-1"]
[WhiteElo "2211"]
[BlackElo "2429"]
[PlyCount "102"]
[EventDate "2015.09.18"]
[EventType "tourn (blitz)"]
[EventRounds "15"]
[EventCountry "MGL"]
[SourceTitle "EXT 2016"]
[Source "ChessBase"]
[SourceDate "2015.10.08"]
[SourceVersion "1"]
[SourceVersionDate "2015.10.08"]
[SourceQuality "1"]

1. Nf3 d5 2. c4 c6 3. g3 Nf6 4. Bg2 Bf5 5. 0-0 e6 6. cxd5 cxd5 7. Nd4 Bg6 8. d3 Bc5 9. Qa4+ Nbd7 10. Nf3 0-0 11. Nc3 a6 12. Qb3 b5 13. a4 b4 14. Na2 a5 15. Qd1 Qb6 16. b3 Rac8 17. Bb2 Rc6 18. Qd2 Rfc8 19. Rac1 Bf8 20. Rxc6 Rxc6 21. Rc1 Bc5 22. e3 Bf8 23. Bd4 Rxc1+ 24. Nxc1 Qc7 25. Ne2 e5 26. Bb2 Nc5 27. Bxe5 Qd8 28. Nc1 h6 29. Bd4 Ne6 30. Bb2 Nd7 31. Ne5 Nxe5 32. Bxe5 d4 33. f4 dxe3 34. Qxe3 Bc5 35. d4 Bxd4 36. Bxd4 Qxd4 37. Qxd4 Nxd4 38. Bd5 Kf8 39. Kf2 Ke7 40. Ke3 Nc2+ 41. Kd2 Kd6 42. Bc4 Nd4 43. Ke3 Nf5+ 44. Kd2 f6 45. Ne2 Kc5 46. Be6 Nd4 47. Nxd4 Kxd4 48. Bc4 Be4 49. Be6 g5 50. fxg5 fxg5 51. Bf7 Bf3 0-1

[Event "MGL-ch blitz"]
[Site "Ulaanbaatar"]
[Date "2015.09.18"]
[Round "4"]
[White "Nasanjargal, Urtnasan"]
[Black "Sharavdorj, Dashzeveg"]
[Result "0-1"]
[WhiteElo "2372"]
[BlackElo "2429"]
[PlyCount "50"]
[EventDate "2015.09.18"]
[EventType "tourn (blitz)"]
[EventRounds "15"]
[EventCountry "MGL"]
[SourceTitle "EXT 2016"]
[Source "ChessBase"]
[SourceDate "2015.10.08"]
[SourceVersion "1"]
[SourceVersionDate "2015.10.08"]
[SourceQuality "1"]

1. e4 c5 2. Nf3 e6 3. g3 Nc6 4. Bg2 Nf6 5. d3 d6 6. 0-0 Be7 7. Nbd2 0-0 8. Re1 Bd7 9. Nc4 b5 10. Nxd6 Bxd6 11. e5 Be7 12. exf6 Bxf6 13. a4 bxa4 14. Rxa4 Nd4 15. Ra2 Bc6 16. Nxd4 Bxg2 17. Nxe6 fxe6 18. Qg4 Qd5 19. c4 Qf3 20. Qxe6+ Kh8 21. Re3 Qb7 22. Re2 Bd4 23. Be3 Rae8 24. Qa6 Qf3 25. Bxd4 Rxe2 0-1

[Event "MGL-ch blitz"]
[Site "Ulaanbaatar"]
[Date "2015.09.18"]
[Round "15"]
[White "Sharavdorj, Dashzeveg"]
[Black "Baterdene, Damdinbazar"]
[Result "1-0"]
[WhiteElo "2429"]
[BlackElo "1940"]
[PlyCount "63"]
[EventDate "2015.09.18"]
[EventType "tourn (blitz)"]
[EventRounds "15"]
[EventCountry "MGL"]
[SourceTitle "EXT 2016"]
[Source "ChessBase"]
[SourceDate "2015.10.08"]
[SourceVersion "1"]
[SourceVersionDate "2015.10.08"]
[SourceQuality "1"]

1. d4 e6 2. c4 d5 3. Nc3 Nf6 4. Nf3 Bd6 5. Bg5 c6 6. e3 0-0 7. Qc2 h6 8. Bh4 Be7 9. Rd1 Na6 10. a3 Nc7 11. Bd3 b6 12. Ne5 Bb7 13. 0-0 Nd7 14. Bg3 Nxe5 15. Bxe5 Bd6 16. Bxd6 Qxd6 17. e4 dxc4 18. Bxc4 Rfd8 19. e5 Qe7 20. Qe4 Nd5 21. Bxd5 exd5 22. Qe2 a5 23. Qe3 c5 24. f4 Rac8 25. f5 cxd4 26. Rxd4 Re8 27. e6 fxe6 28. f6 gxf6 29. Qxh6 Qg7 30. Qh5 f5 31. Rd3 Qf7 32. Qh6 1-0

[Event "MGL-ch blitz"]
[Site "Ulaanbaatar"]
[Date "2015.09.18"]
[Round "5"]
[White "Sharavdorj, Dashzeveg"]
[Black "Khatanbaatar, Bazar"]
[Result "1/2-1/2"]
[WhiteElo "2429"]
[BlackElo "2375"]
[PlyCount "105"]
[EventDate "2015.09.18"]
[EventType "tourn (blitz)"]
[EventRounds "15"]
[EventCountry "MGL"]
[SourceTitle "EXT 2016"]
[Source "ChessBase"]
[SourceDate "2015.10.08"]
[SourceVersion "1"]
[SourceVersionDate "2015.10.08"]
[SourceQuality "1"]

1. d4 d5 2. c4 c6 3. Nc3 Nf6 4. e3 e6 5. Nf3 Nbd7 6. Qc2 Bd6 7. Bd3 0-0 8. 0-0 dxc4 9. Bxc4 b5 10. Be2 Bb7 11. e4 e5 12. Rd1 Qc7 13. Bg5 Rfe8 14. Rac1 a6 15. a3 exd4 16. Rxd4 c5 17. Rdd1 Nxe4 18. Nxe4 Bxe4 19. Qd2 Re6 20. Bh4 h6 21. Bg3 Bxg3 22. hxg3 Nf6 23. Nd4 Rd6 24. Nxb5 Rxd2 25. Nxc7 Rxd1+ 26. Bxd1 Rb8 27. Nxa6 Rxb2 28. Nxc5 Bd5 29. a4 Ra2 30. Bf3 Bxf3 31. gxf3 Nd5 32. Rd1 Nc3 33. Rd8+ Kh7 34. Ra8 Ne2+ 35. Kg2 Ra1 36. f4 Nd4 37. a5 g5 38. fxg5 hxg5 39. g4 Ra3 40. a6 Ne2 41. f3 Nf4+ 42. Kf2 Kg7 43. Ne4 f6 44. Nd6 Nd3+ 45. Ke3 Nc5+ 46. Kd4 Rxa6 47. Nf5+ Kf7 48. Rh8 Ne6+ 49. Kd5 Ra5+ 50. Kd6 Ra6+ 51. Kd5 Ra5+ 52. Kd6 Ra6+ 53. Kd5 1/2-1/2